书目信息 |
| 题名: |
山东蕈菌生物多样性保育与利用
|
|
| 作者: | 图力古尔 图 | |
| 分册: | ||
| 出版信息: | 北京 科学出版社 2014.03 |
|
| 页数: | 225页,[28]页图版 | |
| 开本: | 25cm | |
| 丛书名: | ||
| 单 册: | ||
| 中图分类: | S646.01 | |
| 科图分类: | ||
| 主题词: | 食用菌--生物多样性--研究--山东 , 食用菌 , 生物多样性 | |
| 电子资源: | ||
| ISBN: | 978-7-03-040006-2 | |
| 000 | 01087nam0 2200289 450 | |
| 001 | 0120141271707 | |
| 005 | 20140610104857.82 | |
| 010 | @a978-7-03-040006-2@b精装@dCNY88.00 | |
| 100 | @a20140410d2014 em y0chiy0110 ea | |
| 101 | 0 | @achi |
| 102 | @aCN@b110000 | |
| 105 | @aafk z 000yy | |
| 106 | @ar | |
| 200 | 1 | @a山东蕈菌生物多样性保育与利用@9shan dong xun jun sheng wu duo yang xing bao yu yu li yong@f图力古尔[等]著 |
| 210 | @a北京@c科学出版社@d2014.03 | |
| 215 | @a225页,[28]页图版@c图@d25cm | |
| 300 | @a山东省“泰山学者”建设工程专项 教育部“长江学者和创新团队发展计划”项目 | |
| 304 | @a著者还有:王建瑞,鲁铁,刘宇,程显好 | |
| 330 | @a本书在作者团队过去近5年的实地考察、采集、观察及实验研究的基础上,从物种多样性编目及生物性评价、保育及利用等方面全方位反映山东省蕈菌多性研究的实际情况。 | |
| 333 | @a从事农林科技工作的有关人员 | |
| 606 | 0 | @a食用菌@x生物多样性@x研究@y山东 |
| 606 | 0 | @a食用菌 |
| 606 | 0 | @a生物多样性 |
| 690 | @aS646.01@v5 | |
| 701 | 0 | @a图力古尔@9tu li gu er@4图 |
| 801 | 0 | @aCN@b人天书店@c20140410 |
| 905 | @b846162-64@dS646.01@e295@f3 | |
| 山东蕈菌生物多样性保育与利用/图力古尔[等]著.-北京:科学出版社,2014.03 |
| 225页,[28]页图版:图;25cm |
| 山东省“泰山学者”建设工程专项 教育部“长江学者和创新团队发展计划”项目.-使用对象:从事农林科技工作的有关人员 |
| ISBN 978-7-03-040006-2(精装):CNY88.00 |
| 本书在作者团队过去近5年的实地考察、采集、观察及实验研究的基础上,从物种多样性编目及生物性评价、保育及利用等方面全方位反映山东省蕈菌多性研究的实际情况。 |
| ● |
| 相关链接 |
|
|
|
|
正题名:山东蕈菌生物多样性保育与利用
索取号:S646.01/295
 
预约/预借
| 序号 | 登录号 | 条形码 | 馆藏地/架位号 | 状态 | 备注 |
| 1 | 846162 | 208461626 | 第二样本阅览室/ [索取号:S646.01/295] | 在馆 | |
| 2 | 846163 | 208461635 | 密集书库-生命科学系/ [索取号:S646.01/295] | 在馆 | |
| 3 | 846164 | 208461644 | 第三借阅区/ [索取号:S646.01/295] | 在馆 |